000 004910000a22001690004500
090 _aSERIADAS
100 1 _aDíaz Durán, Luisa
_9100746
245 1 0 _aCultivos biotecnológicos imparables
_screcen un 9.4% en 2008
690 _aOrganismos genéticamente modificados
_995663
690 _aMaíz
_9100747
690 _aAlgodón
_9100748
690 _aClaveles
_9100749
041 0 _aEspañol
044 _aColombia
942 _cARTICULO
773 1 _tInnovación y Ciencia
_h1
_q12-16
_d2009
_g16
999 _c16399
_d16399